<?xml version="1.0" encoding="UTF-8"?>
<record
    xmlns:xsi="http://www.w3.org/2001/XMLSchema-instance"
    xsi:schemaLocation="http://www.loc.gov/MARC21/slim http://www.loc.gov/standards/marcxml/schema/MARC21slim.xsd"
    xmlns="http://www.loc.gov/MARC21/slim">

  <leader>01351nam a22003254a 4500</leader>
  <controlfield tag="001">527</controlfield>
  <controlfield tag="003">BR-RjBN</controlfield>
  <controlfield tag="005">20260528132239.0</controlfield>
  <controlfield tag="008">100101s2010    sp j          000 f por d</controlfield>
  <datafield tag="020" ind1=" " ind2=" ">
    <subfield code="a">9788585466848</subfield>
  </datafield>
  <datafield tag="040" ind1=" " ind2=" ">
    <subfield code="b">por</subfield>
    <subfield code="a">BR-IBIA</subfield>
    <subfield code="c">BR-IBIA</subfield>
    <subfield code="e">rda</subfield>
  </datafield>
  <datafield tag="041" ind1="1" ind2=" ">
    <subfield code="a">por</subfield>
    <subfield code="h">eng</subfield>
  </datafield>
  <datafield tag="082" ind1=" " ind2=" ">
    <subfield code="a">028.5</subfield>
    <subfield code="b">F263d</subfield>
  </datafield>
  <datafield tag="100" ind1="1" ind2=" ">
    <subfield code="a">Faulkner, Keith.</subfield>
  </datafield>
  <datafield tag="240" ind1="1" ind2="0">
    <subfield code="a">Dracula : a spooky lift-the-flap book.</subfield>
  </datafield>
  <datafield tag="245" ind1="1" ind2="0">
    <subfield code="a">Dr&#xE1;cula :</subfield>
    <subfield code="b">um livro abre e fecha /</subfield>
    <subfield code="c">Keith Faulkner ; ilustra&#xE7;&#xF5;es de Jonathan Lambert ; tradu&#xE7;&#xE3;o de Jos&#xE9; Amaro.</subfield>
  </datafield>
  <datafield tag="260" ind1=" " ind2=" ">
    <subfield code="a">S&#xE3;o Paulo :</subfield>
    <subfield code="b">Companhia das Letrinhas,</subfield>
    <subfield code="c">2010.</subfield>
  </datafield>
  <datafield tag="300" ind1=" " ind2=" ">
    <subfield code="a">-- p. :</subfield>
    <subfield code="b">il. color. ;</subfield>
    <subfield code="c">21 cm.</subfield>
  </datafield>
  <datafield tag="500" ind1=" " ind2=" ">
    <subfield code="a">2&#xAA; reimpress&#xE3;o.</subfield>
  </datafield>
  <datafield tag="520" ind1=" " ind2=" ">
    <subfield code="a">Livro infantojuvenil interativo inspirado no cl&#xE1;ssico personagem Dr&#xE1;cula. Por meio de abas m&#xF3;veis e ilustra&#xE7;&#xF5;es coloridas, a obra apresenta uma narrativa divertida e envolvente que estimula a imagina&#xE7;&#xE3;o e a participa&#xE7;&#xE3;o do leitor. Com linguagem acess&#xED;vel, mistura suspense leve e humor em uma experi&#xEA;ncia l&#xFA;dica voltada ao p&#xFA;blico infantil.</subfield>
  </datafield>
  <datafield tag="650" ind1=" " ind2="0">
    <subfield code="a">Literatura infantojuvenil.</subfield>
    <subfield code="9">1056</subfield>
  </datafield>
  <datafield tag="650" ind1=" " ind2="0">
    <subfield code="a">Livros interativos.</subfield>
  </datafield>
  <datafield tag="650" ind1=" " ind2="0">
    <subfield code="a">Vampiros.</subfield>
    <subfield code="9">972</subfield>
  </datafield>
  <datafield tag="650" ind1=" " ind2="0">
    <subfield code="a">Suspense infantil.</subfield>
  </datafield>
  <datafield tag="655" ind1=" " ind2="0">
    <subfield code="a">Literatura infantil.</subfield>
  </datafield>
  <datafield tag="655" ind1=" " ind2="0">
    <subfield code="a">Fic&#xE7;&#xE3;o.</subfield>
    <subfield code="9">22</subfield>
  </datafield>
  <datafield tag="700" ind1="1" ind2=" ">
    <subfield code="a">Lambert, Jonathan,</subfield>
    <subfield code="e">il.</subfield>
  </datafield>
  <datafield tag="700" ind1="1" ind2=" ">
    <subfield code="a">Amaro, Jos&#xE9;,</subfield>
    <subfield code="e">trad.</subfield>
  </datafield>
  <datafield tag="942" ind1=" " ind2=" ">
    <subfield code="2">ddc</subfield>
    <subfield code="n">0</subfield>
    <subfield code="c">BK</subfield>
  </datafield>
  <datafield tag="952" ind1=" " ind2=" ">
    <subfield code="0">0</subfield>
    <subfield code="1">0</subfield>
    <subfield code="2">ddc</subfield>
    <subfield code="4">0</subfield>
    <subfield code="7">0</subfield>
    <subfield code="8">FIC</subfield>
    <subfield code="a">BIBIB</subfield>
    <subfield code="b">BIBIB</subfield>
    <subfield code="c">INF</subfield>
    <subfield code="d">2026-05-25</subfield>
    <subfield code="e">doa&#xE7;&#xE3;o</subfield>
    <subfield code="l">0</subfield>
    <subfield code="p">2026-17463</subfield>
    <subfield code="r">2026-05-25 08:33:30</subfield>
    <subfield code="w">2026-05-25</subfield>
    <subfield code="y">BK</subfield>
  </datafield>
  <datafield tag="999" ind1=" " ind2=" ">
    <subfield code="c">527</subfield>
    <subfield code="d">527</subfield>
  </datafield>
</record>
